00340nam a2200109Ia 4500008004000000020001800040082001700058100004600075245006300121260003800184300000800222210210b2000 xxu||||| |||| 00| 0 eng d a0 06 043617 4 a330.028 KELI aKELEJIAN (Happy H) and OATES (Wallace E). aIntroduction to econometrics: principles and applications. aNYbHarper & Row Publishersc2000 a300